Guess the number - Statistics

General Stats
  • This quiz has been taken 48 times
  • The average score is 9 of 19
Answer Stats
Hint Answer % Correct
Unlucky number in the west 13
84%
Emergency telephone number or fatidic date 911
82%
Also a well known sex position 69
74%
Michael Jordan's number 23
68%
Age of the oldest human properly documented, Jeanne Calment 122
66%
Jimi Hendrix, Kurt Cobain, Amy Winehouse, Janis Joplin... 27
66%
The Number of the Beast 666
66%
Jack Bauer 24
55%
Jackpot in slot machines 777
53%
Ratio of a circle's circumference to its diameter π
47%
ZIP code in California known for TV series 90210
47%
The other most common emergency telephone number 112
45%
The Answer to the Ultimate Question of Life, the Universe, and Everything 42
42%
Approximately equal to 2.71828 e
39%
Number of bytes in a kilobyte 1024
32%
MMMCMXCIX 3999
32%
Number of faithful Christians that will be resurrected according to Jehovah Witnesses 144,000
21%
The temperature at which book paper catches fire and burns (in Fahrenheit) 451
21%
Number of species in the first Pokémon generation 151
8%
No matching quizzes found
Score Distribution
Percent of People with Each Score
Percentile by Number Answered
Your Score History
You have not taken this quiz